Lost for Words: TV Shows Quiz Stats

 Plays Quiz Updated Jul 30, 2018

Score 0/20 Timer 04:00
5 Plays Today
Question Answer Wrong Answers
House House
96.6%
Beach
0.6%
Picket Fences
1.4%
Scrubs Scrubbing
95.9%
Rolling Dice
1.1%
Writing
1%
Dallas Dallas
95.1%
Miami
1.4%
San Francisco
2%
Cheers Cheers
94.9%
Soap
2.9%
Silver Spoons
1.9%
M*A*S*H Mashed Potatoes
93.6%
Baked Potato
1.7%
Chips
2.8%
Taxi Taxi
92.2%
Motorcycle
3.2%
Truck
3.2%
Bones Bones
89.6%
Numbers
2.6%
Castle
5.5%
Wings Wings
89.1%
Eyes
3.6%
Hands
3.8%
Archer Archery
85.1%
Boxing
4.8%
Fencing
8.5%
Dexter Dexter
83.1%
Butthead
3.9%
Doug
10.7%
Weeds Weeds
80.7%
Boardwalk
11.2%
Wood
4.9%
Arrow Arrow
79.3%
Cross
10%
Full Moon
8.9%
Full House Full House
76.7%
Flush
20.5%
Two Pair
2.5%
Firefly Firefly
75.7%
Hornet
12.2%
Mantis
9.8%
Monk Buddhist Monk
75.1%
Pope John Paul II
9.1%
Saint Patrick
12.3%
Hey Arnold! Arnold Schwarzenegger
72%
Bruce Willis
15.3%
Sylvester Stallone
9.7%
Twin Peaks Twin Peaks
68.3%
Lost
5.5%
Heroes
22.9%
Empire Empire
66.7%
Droids
13.4%
Rebels
17.1%
The Wire (Barbed) Wire
58.9%
Oz
13.8%
Shield
23.5%
Fringe Fringe
53.4%
House of Cards
23%
Suits
20.8%

You're not logged in!

Compare scores with friends on all Sporcle quizzes.
OR
Log In

Sporcle TV

Today on Sporcle TV


Watch our educational content, quiz creation guides, and fun videos on Sporcle TV.

Show Comments

Extras

Top Quizzes Today


Score Distribution

Your Account Isn't Verified!

In order to create a playlist on Sporcle, you need to verify the email address you used during registration. Go to your Sporcle Settings to finish the process.

Report this User

Report this user for behavior that violates our Community Guidelines.

Details: